Vzájomná informovanosť cesta k efektívnemu rozvoju vedecko-pedagogickej činnosti : Zborník

Gespeichert in:
Bibliographische Detailangaben
Körperschaft: Medzinárodná konferencia doktorandov a mladých vedecko-pedagogických pracovníkov Nitra
Format: Tagungsbericht Buch
Sprache:Slowakisch
Tschechisch
Veröffentlicht: Nitra : Univerzita Konštantína Filozofa v Nitre, 2003
Schlagworte:
Tags: Tag hinzufügen
Keine Tags, Fügen Sie das erste Tag hinzu!

MARC

LEADER 00000nam a22000003a 4500
001 stu82613
005 20150408161423.7
008 031127s2003----xo------------------slo-d
020 |a 80-8050-624-8 
040 |a STU  |b slo 
041 0 |a slo  |a cze 
044 |a xo 
080 |a 37 
111 2 |a Medzinárodná konferencia doktorandov a mladých vedecko-pedagogických pracovníkov  |d (2003 :  |c Nitra) 
245 |a Vzájomná informovanosť cesta k efektívnemu rozvoju vedecko-pedagogickej činnosti :  |b Zborník 
260 |a Nitra :  |b Univerzita Konštantína Filozofa v Nitre,  |c 2003 
300 |a 85 s 
650 7 |a pedagogika  |2 stusub 
996 |b 284M058022  |c M*Z-2329  |l MMKN  |s A  |a 24  |w stu82613_0001